000 00783nam a22003017a 4500
001 BR0205206
003 BR-BrBNA
005 20230928101159.0
007 ta
008 230509b bl.||||| |||| 00| 0 por d
040 _aBR-BrBNA
_bpor
_cBiblioteca Nacional de Agricultura
041 _a(Por)
072 _aP40; L20
090 _ P40 BR0205206
100 1 _aMota, F.S. da
245 1 _aClimatologia zootécnica
260 3 _aPelotas, RS (Brasil):
_c2001.
300 _a104 p.
500 _aBibliography p. 98-101; 9 tables; 21 illus.
650 _aZOOTECNIA
650 _aECOLOGIA ANIMAL
650 _aCLIMATOLOGIA
650 _aPASTAGEM
650 _aMÉTODO ESTATÍSTICO
650 _aMODELO MATEMÁTICO
909 _a202309
_bLucia
_c55
_dLucia Elande
942 _cBK
999 _c64610
_d64610